|
|
|
|
| LEADER |
00000nab a2200000 a 4500 |
| 001 |
vtls000547974 |
| 003 |
SK-MaSNL |
| 005 |
20260304090341.0 |
| 008 |
250425c1995 xo 0 slo |
| 015 |
|
|
|a SNBRB19rr/mm-uuuuu
|
| 035 |
|
|
|a CL0548112
|
| 035 |
|
|
|a urn:nbn:sk:snk-ab7jb3
|
| 035 |
|
|
|a (urnnbn)urn:nbn:sk:snk:ar-005ybk
|
| 035 |
|
|
|a (uuid)ca8c040c-acd8-4b06-9ba6-1de7117797de
|
| 040 |
|
|
|a SNKBUCL
|b slo
|c SNKBUCL
|e AACR2
|
| 041 |
0 |
|
|a slo
|
| 044 |
|
|
|a xo
|c SK
|
| 080 |
|
|
|a 159.9-051
|2 1981
|
| 080 |
|
|
|a 378.124:159.9
|2 1981
|
| 080 |
|
|
|a 929 Štefanovič, Jozef
|2 1981
|
| 100 |
1 |
|
|a Blaškovič, Oskár,
|d 1926-
|4 aut
|9 213953
|
| 245 |
1 |
0 |
|a Doc. Dr. Jozef Štefanovič, CSc. jubiluje
|c O. Blaškovič
|
| 300 |
|
|
|b Fotogr. 1
|
| 500 |
|
|
|a Článok doplnený výberovou personálnou bibliografiou
|
| 600 |
1 |
7 |
|a Štefanovič, Jozef,
|d 1924-1995
|2 snkbucl
|9 213034
|
| 655 |
|
7 |
|a články z novín a časopisov
|2 snkbucl
|9 267496
|
| 773 |
0 |
|
|t Pedagogická revue
|g Roč. 47, č. 1-2 (1995), s. 65-69
|
| 850 |
|
|
|a Slovenská národná knižnica
|
| 852 |
|
|
|a Slovenská národná knižnica
|
| 954 |
|
|
|a odborná, vedecká literatúra pôvodná (slovenská)
|2 lita
|
| 958 |
|
|
|a article7
|
| 958 |
|
|
|a BX
|
| 958 |
|
|
|a RK
|
| 958 |
|
|
|a OND
|
| 958 |
|
|
|a EUIPO
|
| 992 |
|
|
|a RBX
|
| 999 |
|
|
|c 2811188
|d 2813118
|